000
00234nam a2200097Ia 4500
008
240331s9999 xx 000 0 und d
082
_b
KOT
100
_a
Kothandaraman, M
245
0
_a
Vadaarkadu mawadda naaddupurap paddalkal
942
_c
L
999
_c
3623
_d
3623